[Event "Niederoesterreich Landesliga 1819"]
[Site "Austria"]
[Date "2019.03.03"]
[Round "9.2"]
[White "Zojer, Stefan"]
[Black "Pammer, Andreas"]
[Result "0-1"]
[WhiteElo "2125"]
[BlackElo "2086"]
[PlyCount "74"]
[EventDate "2018.09.30"]
[EventType "team-tourn"]
[EventRounds "11"]
[EventCountry "AUT"]
[SourceTitle "CBM 189 Extra"]
[Source "ChessBase"]
[SourceDate "2019.06.03"]
[SourceVersion "1"]
[SourceVersionDate "2019.06.03"]
[SourceQuality "1"]
[WhiteTeam "Baden Invest"]
[BlackTeam "Bisamberg/Korneuburg"]
[WhiteTeamCountry "AUT"]
[BlackTeamCountry "AUT"]

1. d4 g6 2. Nf3 c6 3. e4 d5 4. e5 Nh6 5. h3 Nf5 6. c3 h6 7. Bd3 Be6 8. 0-0 Qd7 9. Qe2 Ng7 10. g4 a5 11. a4 Na6 12. Bd2 Nc7 13. b4 h5 14. Nh2 axb4 15. cxb4 hxg4 16. hxg4 Rxh2 17. Kxh2 Bxg4 18. f3 Bh5 19. Nc3 Nf5 20. Bxf5 Qxf5 21. b5 Bg7 22. a5 c5 23. a6 cxd4 24. axb7 Rb8 25. b6 Bxe5+ 26. Kg2 dxc3 27. bxc7 Bxc7 28. Qb5+ Kd8 29. Ra8 cxd2 30. Rxb8+ Bxb8 31. Qb6+ Ke8 32. Qc6+ Kf8 33. Qc8+ Kg7 34. Qxb8 d1Q 35. Rxd1 Bxf3+ 36. Kh2 Qc2+ 37. Kg3 Qg2+ 0-1

[Event "Niederoesterreich Landesliga 1617"]
[Site "Austria"]
[Date "2016.11.27"]
[Round "3.2"]
[White "Pammer, Andreas"]
[Black "Lechner, Daniel"]
[Result "1-0"]
[WhiteElo "2101"]
[BlackElo "2220"]
[PlyCount "65"]
[EventDate "2016.10.02"]
[EventType "team-tourn"]
[EventRounds "11"]
[EventCountry "AUT"]
[SourceTitle "EXT 2018"]
[Source "ChessBase"]
[SourceDate "2017.10.13"]
[SourceVersion "1"]
[SourceVersionDate "2017.10.13"]
[SourceQuality "1"]
[WhiteTeam "Bisamberg/Korneuburg"]
[BlackTeam "Kottingbrunn"]
[WhiteTeamCountry "AUT"]
[BlackTeamCountry "AUT"]

1. c4 g6 2. Nc3 Bg7 3. d4 Nf6 4. e4 d6 5. h3 0-0 6. Bg5 c5 7. d5 a6 8. a4 e6 9. Bd3 Re8 10. Nge2 Nbd7 11. f4 h6 12. Bh4 Qa5 13. 0-0 exd5 14. exd5 Nf8 15. Ng3 Qc7 16. Qd2 Bd7 17. Nge4 Nxe4 18. Nxe4 f5 19. Nf6+ Bxf6 20. Bxf6 Nh7 21. Bc3 Qd8 22. Qf2 Kf7 23. Rfe1 Nf6 24. Rxe8 Bxe8 25. Qh4 Nh5 26. Qf2 Nf6 27. Re1 Bd7 28. b4 b6 29. a5 b5 30. bxc5 dxc5 31. Qxc5 Rc8 32. Qd4 bxc4 33. Bxc4 1-0

[Event "Niederoesterreich Landesliga 1415"]
[Site "Austria"]
[Date "2015.02.15"]
[Round "8.2"]
[White "Pammer, Andreas"]
[Black "Sandhoefner, Florian"]
[Result "1/2-1/2"]
[WhiteElo "2103"]
[BlackElo "2278"]
[PlyCount "72"]
[EventDate "2014.10.05"]
[EventType "team-tourn"]
[EventRounds "11"]
[EventCountry "AUT"]
[SourceTitle "EXT 2016"]
[Source "ChessBase"]
[SourceDate "2015.10.08"]
[SourceVersion "1"]
[SourceVersionDate "2015.10.08"]
[SourceQuality "1"]
[WhiteTeam "Bisamberg/Korneuburg"]
[BlackTeam "Amstetten"]
[WhiteTeamCountry "AUT"]
[BlackTeamCountry "AUT"]

1. c4 e5 2. Nc3 Nf6 3. Nf3 Nc6 4. g3 d5 5. cxd5 Nxd5 6. d3 Be7 7. Bg2 Nb6 8. 0-0 0-0 9. a3 Be6 10. b4 a5 11. b5 Nd4 12. Rb1 f6 13. e3 Nxf3+ 14. Bxf3 Nd5 15. Qc2 Nxc3 16. Qxc3 Bd5 17. e4 Be6 18. Be3 Bd6 19. d4 exd4 20. Bxd4 Qe7 21. a4 Bb4 22. Qe3 Rad8 23. Rfc1 Rd7 24. Bc5 Bxc5 25. Rxc5 Rfd8 26. Rbc1 b6 27. Rc6 Bh3 28. Be2 f5 29. e5 Qb4 30. e6 Re7 31. Qc3 Qxc3 32. R6xc3 Kf8 33. Rxc7 Rxe6 34. Bf1 Bxf1 35. Kxf1 Re7 36. Rxe7 Kxe7 1/2-1/2

[Event "Niederoesterreich Landesliga 1213"]
[Site "Austria"]
[Date "2013.01.27"]
[Round "5.4"]
[White "Pammer, Andreas"]
[Black "Bachmayer, Josef"]
[Result "1/2-1/2"]
[WhiteElo "2086"]
[BlackElo "1999"]
[PlyCount "90"]
[EventDate "2012.09.30"]
[EventType "team-tourn"]
[EventRounds "7"]
[EventCountry "AUT"]
[SourceTitle "EXT 2022"]
[Source "ChessBase"]
[SourceDate "2021.10.06"]
[SourceVersion "1"]
[SourceVersionDate "2021.10.06"]
[SourceQuality "1"]

1. c4 f5 2. Nc3 Nf6 3. Nf3 e6 4. g3 Be7 5. Bg2 0-0 6. d4 d6 7. 0-0 Ne4 8. Qc2 Nxc3 9. Qxc3 Bf6 10. Qb3 Nc6 11. Rd1 Ne7 12. Bg5 Ng6 13. Bxf6 Qxf6 14. c5 d5 15. e3 c6 16. Qc3 Bd7 17. b4 a6 18. a4 Rae8 19. Ne5 Nxe5 20. dxe5 Qh6 21. h4 g5 22. hxg5 Qxg5 23. Rd4 Re7 24. Rh4 Rg7 25. Qd4 Be8 26. Qf4 Qe7 27. Bf3 a5 28. Kg2 axb4 29. Qxb4 Bg6 30. a5 Ra8 31. Rf4 Rf7 32. Be2 Qc7 33. Qc3 Rff8 34. Rfa4 Ra7 35. f4 Kh8 36. Qb4 Qg7 37. a6 bxa6 38. Rxa6 Rxa6 39. Rxa6 Rg8 40. Qe1 Be8 41. Ra8 Qe7 42. Qa5 Qh4 43. Qe1 Qe7 44. Qa5 Qh4 45. Qe1 Qe7 1/2-1/2

[Event "Niederoesterreich Landesliga 0910"]
[Site "Austria"]
[Date "2010.01.10"]
[Round "7"]
[White "Pammer, Andreas"]
[Black "Schmid, Thomas2222"]
[Result "1-0"]
[WhiteElo "2111"]
[BlackElo "2196"]
[PlyCount "75"]
[EventDate "2009.09.06"]
[EventType "team-tourn"]
[EventRounds "11"]
[EventCountry "AUT"]
[SourceTitle "EXT 2022"]
[Source "ChessBase"]
[SourceDate "2021.10.06"]
[SourceVersion "1"]
[SourceVersionDate "2021.10.06"]
[SourceQuality "1"]

1. c4 Nf6 2. Nc3 g6 3. e4 d6 4. d4 Bg7 5. h3 0-0 6. Bg5 Na6 7. Nf3 Qe8 8. Be2 e5 9. d5 Nh5 10. g3 f5 11. Nd2 Nf6 12. g4 Nc5 13. f3 a5 14. Qc2 h6 15. Be3 b6 16. 0-0-0 a4 17. Rde1 f4 18. Bf2 Nh7 19. Ndb1 Bd7 20. Na3 Qb8 21. Nab5 Rd8 22. Rd1 Nf8 23. h4 Bf6 24. g5 hxg5 25. hxg5 Bxg5 26. Rdg1 Bf6 27. Bh4 Bxh4 28. Rxh4 Be8 29. Bf1 Rd7 30. Qh2 Rg7 31. Rh8+ Kf7 32. Qh6 Qd8 33. Bh3 Bd7 34. Bf5 Be8 35. Rg4 Qe7 36. Ne2 Rd8 37. Nxf4 exf4 38. Rxf4 1-0

[Event "Niederoesterreich Landesliga 0809"]
[Site "Austria"]
[Date "2009.04.26"]
[Round "11"]
[White "Pammer, Andreas"]
[Black "Ebner, Johann"]
[Result "1-0"]
[WhiteElo "2120"]
[BlackElo "2055"]
[PlyCount "103"]
[EventDate "2008.09.28"]
[EventType "team-tourn"]
[EventRounds "11"]
[EventCountry "AUT"]
[SourceTitle "EXT 2022"]
[Source "ChessBase"]
[SourceDate "2021.10.06"]
[SourceVersion "1"]
[SourceVersionDate "2021.10.06"]
[SourceQuality "1"]

1. c4 e6 2. Nf3 Nf6 3. b3 d5 4. Bb2 Be7 5. g3 0-0 6. Bg2 b6 7. Ne5 Bb7 8. 0-0 Nfd7 9. Nxd7 Nxd7 10. Nc3 Nf6 11. d4 c5 12. dxc5 bxc5 13. Qd2 Qd7 14. cxd5 exd5 15. Rac1 Rad8 16. Na4 c4 17. Bxf6 Bxf6 18. Nc5 Qe7 19. Nxb7 c3 20. Qd3 Qxb7 21. Rfd1 Rc8 22. Bxd5 Qb4 23. e4 Qc5 24. Rc2 Rc7 25. Kg2 g5 26. Qf3 Qe7 27. Qf5 Kh8 28. Rd3 Qe5 29. Qxe5 Bxe5 30. f4 gxf4 31. gxf4 Bxf4 32. Rdxc3 Rg8+ 33. Kh3 Rgc8 34. Rxc7 Rxc7 35. Rxc7 Bxc7 36. Bxf7 Kg7 37. Bd5 Kf6 38. Kg2 Kg5 39. h3 Kf6 40. Kf3 Bb6 41. Ke2 Ke5 42. Kd3 Kd6 43. Kc4 Bf2 44. Kb5 Bd4 45. Ka6 Bc5 46. b4 Bf2 47. Kb7 h6 48. a4 Be3 49. a5 Bd4 50. b5 Kc5 51. b6 axb6 52. a6 1-0

[Event "Niederoesterreich Landesliga 0607"]
[Site "Austria"]
[Date "2006.11.26"]
[Round "6"]
[White "Pammer, Andreas"]
[Black "Brandner, Stefan"]
[Result "0-1"]
[WhiteElo "2212"]
[BlackElo "2341"]
[PlyCount "46"]
[EventDate "2006.09.17"]
[EventType "team-tourn"]
[EventRounds "11"]
[EventCountry "AUT"]
[SourceTitle "EXT 2022"]
[Source "ChessBase"]
[SourceDate "2021.10.06"]
[SourceVersion "1"]
[SourceVersionDate "2021.10.06"]
[SourceQuality "1"]

1. c4 e5 2. Nc3 Nf6 3. Nf3 Nc6 4. e3 d5 5. cxd5 Nxd5 6. Bb5 Nxc3 7. bxc3 Bd6 8. d4 e4 9. d5 a6 10. dxc6 axb5 11. Qd5 exf3 12. cxb7 Bxb7 13. Qxb5+ c6 14. Qxb7 0-0 15. Qxc6 fxg2 16. Qxg2 Be5 17. 0-0 Ra6 18. Kh1 Rg6 19. Qe4 Re8 20. Qa4 Bxh2 21. Rd1 Bd6 22. Ba3 Qc8 23. Bxd6 Qh3+ 0-1

[Event "Schwarzach op-A 19th"]
[Site "Salzburg"]
[Date "2004.08.25"]
[Round "5"]
[White "Pammer, Andreas"]
[Black "Wall, Gavin"]
[Result "0-1"]
[WhiteElo "2210"]
[BlackElo "2405"]
[PlyCount "70"]
[EventDate "2004.08.21"]
[EventType "swiss"]
[EventRounds "9"]
[EventCountry "AUT"]
[SourceTitle "CBM 102 Extra"]
[Source "ChessBase"]
[SourceDate "2004.11.03"]
[SourceVersion "1"]
[SourceVersionDate "2004.11.03"]
[SourceQuality "1"]

1. c4 f5 2. Nc3 Nf6 3. Nf3 d6 4. d4 g6 5. e4 fxe4 6. Ng5 Bg7 7. Ngxe4 Nxe4 8. Nxe4 Nc6 9. Be3 0-0 10. Be2 e5 11. dxe5 Nxe5 12. Qd5+ Kh8 13. Rd1 Bd7 14. Ng5 Bc6 15. Qd2 Bxg2 16. Rg1 Bf3 17. Rg3 Bxe2 18. Qxe2 Qd7 19. Rd4 Qf5 20. Kf1 Bh6 21. Nxh7 Bxe3 22. Qxe3 Kxh7 23. Rh4+ Kg8 24. Rgh3 Qf6 25. Kg2 Nf7 26. Rf4 Qg7 27. Re4 Ne5 28. f4 Ng4 29. Qe2 Nf6 30. Re7 Rf7 31. Qe6 Nh5 32. Rh4 Qxb2+ 33. Kh3 Qf6 34. Re8+ Rxe8 35. Qxe8+ Rf8 0-1

[Event "Schwarzach op-A"]
[Site "Schwarzach"]
[Date "2002.??.??"]
[Round "1"]
[White "Mroz, Thomas"]
[Black "Pammer, Andreas"]
[Result "0-1"]
[WhiteElo "2065"]
[BlackElo "2227"]
[PlyCount "104"]
[EventDate "2002.08.??"]
[EventType "swiss"]
[EventRounds "9"]
[EventCountry "AUT"]
[SourceTitle "EXT 2003"]
[Source "ChessBase"]
[SourceDate "2002.11.25"]
[SourceVersion "1"]
[SourceVersionDate "2002.11.25"]
[SourceQuality "1"]

1. d4 Nf6 2. Nf3 g6 3. g3 Bg7 4. Bg2 0-0 5. 0-0 d6 6. c4 c6 7. Nc3 Qc7 8. e4 e5 9. c5 dxc5 10. dxe5 Ng4 11. Qd6 Bxe5 12. Qxc5 Na6 13. Qc4 Bg7 14. Bf4 Ne5 15. Nxe5 Bxe5 16. Bxe5 Qxe5 17. Rad1 Bg4 18. f3 Be6 19. Qd4 Qxd4+ 20. Rxd4 Rfd8 21. Rfd1 Rxd4 22. Rxd4 Kf8 23. Bf1 Nc7 24. Kf2 Ke7 25. Ke3 a6 26. h4 b5 27. a3 a5 28. Ne2 Bc4 29. Bh3 Be6 30. Bg2 c5 31. Rd2 b4 32. Rc2 Na6 33. Nf4 Bb3 34. Nd5+ Bxd5 35. exd5 Kd6 36. f4 Re8+ 37. Kf2 Nc7 38. h5 Nb5 39. axb4 axb4 40. hxg6 hxg6 41. Rd2 Nd4 42. Bh1 Ra8 43. Bg2 Ra2 44. Be4 g5 45. Bg2 Nb3 46. Rc2 c4 47. Rxc4 Rxb2+ 48. Kg1 Nc5 49. Bf3 b3 50. Rb4 Rc2 51. Rb6+ Ke7 52. Rc6 Kd7 0-1